Ochrana klientov v osobnej železničnej a autobusovej doprave diplomová práca

Gespeichert in:
Bibliographische Detailangaben
1. Verfasser: Ferancová, Alena
Körperschaft: Obchodná fakulta EU. Katedra služieb a cestovného ruchu - zrušené
Weitere Verfasser: Litomerický, Juraj
Format: Buch
Sprache:Slowakisch
Veröffentlicht: Bratislava 2015
Tags: Tag hinzufügen
Keine Tags, Fügen Sie das erste Tag hinzu!

MARC

LEADER 00000nbm a2200000 4500
001 0203111
005 20161212104531.5
041 0 |a slo 
044 |a SK 
245 1 0 |a Ochrana klientov v osobnej železničnej a autobusovej doprave  |b diplomová práca  |c Alena Ferancová ; školiteľ: Juraj Litomerický 
264 1 |a Bratislava  |c 2015 
300 |a 87 s. 
100 1 |a Ferancová, Alena 
700 1 |a Litomerický, Juraj 
710 2 |a Obchodná fakulta EU. Katedra služieb a cestovného ruchu - zrušené